000 01143cam a2200349 i 4500
001 4332
003 FISKH
005 20250331112542.0
008 790316s1979 nyua j 000 1 eng
010 _a 79011729
020 _a0688802311 :
020 _a9780060511111
020 _a0688842313 (lib. bdg.) :
040 _aDLC
_cDLC
_dDLC
_dOCoLC
_dDLC
_beng
050 _aPZ7.P219
082 _a813.54
100 1 _aParish, Peggy.
245 1 0 _aAmelia Bedelia helps out /
_cPeggy Parish ; pictures by Lynn Sweat.
260 _aNew York :
_bHarper Collins,
_c1979.
300 _a63 pages :
_bcolor illustrations ;
_c23 cm
505 _aH
520 _aAmelia Bedelia shows her niece Effie Lou how to follow instructions to the letter as they dust the potato bugs and sew seeds.
521 8 _a440
_bLexile
521 8 _aH
_bRaz-Plus
600 0 0 _aAmelia-Bedelia
_c(Fictitious character)
_vJuvenile fiction.
650 1 _aHumorous stories.
655 7 _aHumorous stories.
_2gsafd
700 1 _aSweat, Lynn.
_eillustrator
906 _a7
_bcbc
_corignew
_d1
_eocip
_f19
_gy-gencatlg
942 _2ddc
_cBK
_n0
999 _c4332
_d4332